Investment in oil palm plantations in Nigeria: A financial and economic appraisal (Record no. 20734)

MARC details
000 -LEADER
fixed length control field 00364nam a2200121Ia 4500
082 ## - DEWEY DECIMAL CLASSIFICATION NUMBER
Classification number 663.353.4
Item number MAC
100 ## - MAIN ENTRY--AUTHOR NAME
Personal name Macfarlane, D L
245 #0 - TITLE STATEMENT
Title Investment in oil palm plantations in Nigeria: A financial and economic appraisal
260 ## - PUBLICATION, DISTRIBUTION, ETC. (IMPRINT)
Place of publication Nigeria
Name of publisher Univ of Nigeria
Year of publication 1965
700 ## - ADDED ENTRY--PERSONAL NAME
Personal name Oworen, M A
942 ## - ADDED ENTRY ELEMENTS (KOHA)
Koha item type Books
Holdings
Withdrawn status Lost status Damaged status Not for loan Home library Current library Date acquired Full call number Accession Number Koha item type
        RRII Library RRII Library 16/12/2021 663.353.4 MAC 01457 Books